[Event "7.Open Inter.Ch.of Vojvodina 2016"]
[Site "Novi Sad - Master Centar, Hajd"]
[Date "2016.07.15"]
[Round "1.1"]
[White "Vranes, Davorin"]
[Black "Atalik, Suat"]
[Result "0-1"]
[WhiteElo "2001"]
[BlackElo "2564"]
[PlyCount "48"]
[EventDate "2016.07.15"]

1. e4 c5 2. Nf3 e6 3. d4 cxd4 4. Nxd4 a6 5. Nc3 Qc7 6. Bd3 Nf6 7. O-O d6 8. a4
b6 9. Qe2 Nbd7 10. Be3 Bb7 11. f3 Be7 12. Nb3 O-O 13. Rfd1 Rfe8 14. Qf2 d5 15.
exd5 exd5 16. Ne2 Bd6 17. Ng3 Nc5 18. Bd4 Nfd7 19. Nc1 Ne6 20. Nb3 Ndc5 21. Kh1
Nxb3 22. Bxb6 Bc5 23. Bxc7 Bxf2 24. cxb3 Nxc7 0-1

[Event "7.Open Inter.Ch.of Vojvodina 2016"]
[Site "Novi Sad - Master Centar, Hajd"]
[Date "2016.07.15"]
[Round "1.3"]
[White "Solak, Rade"]
[Black "Dobrov, Vladimir"]
[Result "0-1"]
[WhiteElo "1994"]
[BlackElo "2505"]
[PlyCount "47"]
[EventDate "2016.07.15"]

1. e4 c5 2. d3 Nc6 3. Nd2 d5 4. Ngf3 g6 5. g3 Bg7 6. Bg2 Nf6 7. O-O O-O 8. Re1
h6 9. exd5 Nxd5 10. Nc4 Qc7 11. Bd2 b5 12. Nfe5 Nxe5 13. Bxd5 Bg4 14. f3 Nxf3+
15. Bxf3 Bxf3 16. Qxf3 bxc4 17. dxc4 Bxb2 18. Rab1 Bg7 19. Rb7 Qd8 20. Bf4 Qd4+
21. Qf2 e6 22. Be3 Qxc4 23. Bxc5 Rac8 24. Bxf8 {Bd

[Event "7.Open Inter.Ch.of Vojvodina 2016"]
[Site "Novi Sad - Master Centar, Hajd"]
[Date "2016.07.15"]
[Round "1.4"]
[White "Fang, Yuxiang"]
[Black "Nadj, Vanja"]
[Result "1-0"]
[WhiteElo "2494"]
[BlackElo "1987"]
[PlyCount "83"]
[EventDate "2016.07.15"]

1. Nf3 Nf6 2. c4 d6 3. d4 g6 4. Nc3 Bg7 5. Bg5 O-O 6. e3 c6 7. Be2 a6 8. a4 a5
9. O-O Na6 10. e4 Nb4 11. h3 Ne8 12. Qd2 Bh8 13. Bh6 Ng7 14. Na2 Na6 15. Rfd1
Re8 16. d5 Nc5 17. Qc2 e5 18. Be3 Na6 19. c5 cxd5 20. Rxd5 Be6 21. Rxd6 Qc7 22.
Nc3 Nb4 23. Qd2 Nh5 24. Nb5 Qe7 25. Ng5 Nf4 26. Nxe6 fxe6 27. Bc4 Qg5 28. Bxf4
exf4 29. Nc7 Be5 30. Nxe6 Rxe6 31. Rxe6 Kg7 32. Qd7+ Kh6 33. Re7 Rh8 34. Bg8
Qf6 35. Rxh7+ Rxh7 36. Qxh7+ Kg5 37. Rd1 Nc6 38. Rd5 Nd4 39. f3 Nf5 40. exf5
Kxf5 41. Qd7+ Kg5 42. h4+ 1-0

[Event "7.Open Inter.Ch.of Vojvodina 2016"]
[Site "Novi Sad - Master Centar, Hajd"]
[Date "2016.07.15"]
[Round "1.5"]
[White "Mali, Petar"]
[Black "Markovic, Miroslav"]
[Result "0-1"]
[WhiteElo "1975"]
[BlackElo "2469"]
[PlyCount "84"]
[EventDate "2016.07.15"]

1. e4 c5 2. Nf3 d6 3. c3 Nf6 4. Be2 g6 5. O-O Bg7 6. Qc2 O-O 7. d4 cxd4 8. cxd4
Bg4 9. h3 Bxf3 10. Bxf3 Nc6 11. Be3 Rc8 12. Nc3 Nd7 13. Qd2 e5 14. Ne2 Qa5 15.
d5 Qxd2 16. Bxd2 Nd4 17. Nxd4 exd4 18. Rac1 Nc5 19. Bf4 Be5 20. Bh6 Rfe8 21.
Bg4 Rb8 22. f4 Bg7 23. Bxg7 Kxg7 24. e5 h5 25. Be2 b6 26. Bb5 Red8 27. Bc6 a5
28. Rcd1 d3 29. a3 a4 30. Rf3 Rbc8 31. exd6 Rxd6 32. Re3 h4 33. Kf2 Rf6 34. Rf3
Rc7 35. Re1 Rf5 36. Ke3 g5 37. g4 hxg3 38. Rxg3 f6 39. fxg5 Re7+ 40. Kd2 Nb3+
41. Kd1 Rxe1+ 42. Kxe1 d2+ 0-1

[Event "7.Open Inter.Ch.of Vojvodina 2016"]
[Site "Novi Sad - Master Centar, Hajd"]
[Date "2016.07.15"]
[Round "1.6"]
[White "Saric, Sinisa"]
[Black "Gordon, Evgeny"]
[Result "1-0"]
[WhiteElo "2435"]
[BlackElo "1974"]
[PlyCount "62"]
[EventDate "2016.07.15"]

1. d4 d5 2. c4 c6 3. Nc3 Nf6 4. e3 e6 5. Nf3 Nbd7 6. Qc2 Bd6 7. Bd2 O-O 8.
O-O-O Re8 9. e4 e5 10. Bd3 exd4 11. Nxd4 dxe4 12. Nxe4 Nxe4 13. Bxe4 Nf6 14.
Bd3 Qc7 15. Kb1 Bf8 16. Bg5 Qe5 17. f4 Qe3 18. Bxf6 gxf6 19. Bxh7+ Kh8 20. Bf5
Bc5 21. Nb3 Bf8 22. Bxc8 Raxc8 23. Rd3 Qe4 24. Rhd1 f5 25. Nd4 Rcd8 26. Nxf5
Rxd3 27. Qxd3 Qxd3+ 28. Rxd3 Re4 29. g3 Bc5 30. a3 Kh7 31. Nd6 Re2 1-0

[Event "7.Open Inter.Ch.of Vojvodina 2016"]
[Site "Novi Sad - Master Centar, Hajd"]
[Date "2016.07.15"]
[Round "1.7"]
[White "Miljkovic, Jovana"]
[Black "Pikula, Dejan"]
[Result "0-1"]
[WhiteElo "1973"]
[BlackElo "2434"]
[PlyCount "86"]
[EventDate "2016.07.15"]

1. d4 d6 2. e4 Nf6 3. Nc3 e5 4. Nf3 Nbd7 5. Bc4 Be7 6. O-O O-O 7. dxe5 dxe5 8.
Qe2 c6 9. Rd1 Qc7 10. h3 b5 11. Bb3 Nc5 12. Nd2 Rd8 13. a3 a5 14. Re1 a4 15.
Ba2 h6 16. Nf1 Ne6 17. Bxe6 Bxe6 18. Ng3 Kh7 19. Nf5 Bf8 20. Qf3 Ng8 21. h4 g6
22. Ne3 h5 23. g4 hxg4 24. Nxg4 Bxg4 25. Qxg4 Nf6 26. Qf3 Nh5 27. Bg5 Rd6 28.
Rad1 Kg7 29. Rxd6 Bxd6 30. Rd1 Be7 31. Ne2 Bxg5 32. hxg5 Rd8 33. Rd3 Qe7 34.
Qg4 Rxd3 35. cxd3 Qd8 36. f4 Qxd3 37. f5 Qb1+ 38. Kf2 Qxb2 39. fxg6 Nf4 40.
gxf7 Qxe2+ 41. Qxe2 Nxe2 42. Kxe2 Kxf7 43. Kd3 Kg6 0-1

[Event "7.Open Inter.Ch.of Vojvodina 2016"]
[Site "Novi Sad - Master Centar, Hajd"]
[Date "2016.07.15"]
[Round "1.8"]
[White "Cabarkapa, Novak"]
[Black "Tunguz, Dragan"]
[Result "1-0"]
[WhiteElo "2424"]
[BlackElo "1970"]
[PlyCount "67"]
[EventDate "2016.07.15"]

1. b3 Nf6 2. Bb2 g6 3. d4 Bg7 4. Nc3 O-O 5. e3 d6 6. Qd2 a6 7. f3 Nbd7 8. g4 e5
9. O-O-O exd4 10. exd4 Nb6 11. h4 h5 12. g5 Nfd5 13. Ne4 Ne7 14. Nf6+ Kh8 15.
d5 Ng8 16. Ne4 Bf5 17. Bxg7+ Kxg7 18. Ng3 Qd7 19. N1e2 Ne7 20. Nd4 Nbc8 21.
Ndxf5+ Nxf5 22. Qc3+ Kg8 23. Ne4 f6 24. Nxf6+ Rxf6 25. gxf6 Nb6 26. Bh3 Kf7 27.
Rhg1 Re8 28. Bxf5 Qxf5 29. Qxc7+ Nd7 30. Rg5 Qh3 31. Rg4 hxg4 32. Qxd7+ Kxf6
33. Qxe8 gxf3 34. Qe6+ 1-0

[Event "7.Open Inter.Ch.of Vojvodina 2016"]
[Site "Novi Sad - Master Centar, Hajd"]
[Date "2016.07.15"]
[Round "1.9"]
[White "Blazeka, Mihaela"]
[Black "Dimitrov, Vladimir"]
[Result "0-1"]
[WhiteElo "1957"]
[BlackElo "2413"]
[PlyCount "80"]
[EventDate "2016.07.15"]

1. e4 c5 2. Nf3 e6 3. c4 Nc6 4. d4 cxd4 5. Nxd4 Nf6 6. Nc3 Bb4 7. Nxc6 dxc6 8.
Qxd8+ Kxd8 9. Bd3 e5 10. Bd2 Bc5 11. Ke2 h6 12. f3 Kc7 13. Be3 Nd7 14. Rhd1 Rd8
15. Bc2 Bxe3 16. Kxe3 Nc5 17. Rxd8 Kxd8 18. b4 Ne6 19. Ne2 a5 20. Rd1+ Kc7 21.
b5 Nc5 22. Bb1 Be6 23. Rc1 Rd8 24. f4 f6 25. f5 Bf7 26. g4 Kb6 27. bxc6 bxc6
28. h3 Kc7 29. h4 Rb8 30. Bd3 Rb2 31. Bb1 a4 32. Kf3 a3 33. Ke3 Kb6 34. Ng3 Rh2
35. h5 Na4 36. Bc2 Nb2 37. Bb3 Kc5 38. Nf1 Rh3+ 39. Ke2 Kd4 40. Nd2 Rh2+ 0-1

[Event "7.Open Inter.Ch.of Vojvodina 2016"]
[Site "Novi Sad - Master Centar, Hajd"]
[Date "2016.07.15"]
[Round "1.10"]
[White "Rogac, Srdjan"]
[Black "Farkas, Sandor I"]
[Result "1-0"]
[WhiteElo "2408"]
[BlackElo "1957"]
[PlyCount "47"]
[EventDate "2016.07.15"]

1. Nf3 Nf6 2. c4 g6 3. b4 d5 4. cxd5 Bg7 5. Bb2 O-O 6. Qc2 Qxd5 7. Nc3 Qd8 8.
g3 c6 9. Bg2 Nbd7 10. O-O e5 11. d3 Re8 12. b5 c5 13. Nd2 Rb8 14. Nce4 Nxe4 15.
Nxe4 Qe7 16. Qa4 a6 17. bxa6 b5 18. Qa5 Rb6 19. a7 Bb7 20. Nxc5 Bxg2 21. Nxd7
Ra6 22. Qxa6 Ba8 23. Nb6 Bb7 24. Qxb5 1-0

[Event "7.Open Inter.Ch.of Vojvodina 2016"]
[Site "Novi Sad - Master Centar, Hajd"]
[Date "2016.07.15"]
[Round "1.11"]
[White "Barissever, Erdogan"]
[Black "Drazic, Sinisa"]
[Result "0-1"]
[WhiteElo "1945"]
[BlackElo "2402"]
[PlyCount "88"]
[EventDate "2016.07.15"]

1. d4 Nf6 2. Bg5 e6 3. Bxf6 Qxf6 4. e4 d6 5. Nf3 a6 6. Bd3 Nc6 7. O-O Bd7 8. c3
g5 9. Nbd2 g4 10. Ne1 h5 11. f4 gxf3 12. Nexf3 Be7 13. Qe2 Qg7 14. b4 e5 15. d5
Na7 16. a4 Nc8 17. Nc4 Bf6 18. b5 a5 19. b6 c6 20. Nfd2 Bd8 21. Rab1 Rh6 22.
dxc6 Bxc6 23. Ne3 Rf6 24. Nf5 Qg4 25. Qxg4 hxg4 26. Nc4 Bxa4 27. Nfe3 Rxf1+ 28.
Kxf1 Bd7 29. Nd5 Be6 30. Be2 f5 31. Nce3 f4 32. Nc4 Bd7 33. Na3 a4 34. Rb4 Kf7
35. Ke1 Kg6 36. Kd2 Kg5 37. g3 Be6 38. Nc7 Bxc7 39. bxc7 Na7 40. Nc4 Rh8 41.
Nxd6 Rxh2 42. gxf4+ exf4 43. Ke1 f3 44. Bb5 g3 0-1

[Event "7.Open Inter.Ch.of Vojvodina 2016"]
[Site "Novi Sad - Master Centar, Hajd"]
[Date "2016.07.15"]
[Round "1.12"]
[White "Obodchuk, Andrei"]
[Black "Vlaisavljevic, Ilija"]
[Result "1-0"]
[WhiteElo "2395"]
[BlackElo "1942"]
[PlyCount "55"]
[EventDate "2016.07.15"]

1. e4 g6 2. d4 Bg7 3. Nc3 d6 4. f4 Nd7 5. Nf3 c5 6. d5 f6 7. h4 h5 8. Bd3 Nf8
9. Qe2 a6 10. e5 Bg4 11. e6 Nh6 12. a4 Nf5 13. Qf2 Qb6 14. a5 Qc7 15. Nh2 Nd4
16. Nxg4 hxg4 17. f5 gxf5 18. Be3 Ng6 19. Bxd4 cxd4 20. Bxf5 Ne5 21. Qxd4 O-O-O
22. h5 Bh6 23. Ne4 Kb8 24. c3 Qc4 25. Rd1 Rdg8 26. Kf2 Qb3 27. Kg3 Rc8 28. Rhe1
1-0

[Event "7.Open Inter.Ch.of Vojvodina 2016"]
[Site "Novi Sad - Master Centar, Hajd"]
[Date "2016.07.15"]
[Round "1.13"]
[White "Carapic, Predrag"]
[Black "Leskur, Dejan"]
[Result "0-1"]
[WhiteElo "1935"]
[BlackElo "2392"]
[PlyCount "96"]
[EventDate "2016.07.15"]

1. e4 g6 2. d4 Bg7 3. Nf3 d6 4. Nc3 a6 5. a4 Nf6 6. Be2 O-O 7. h3 Nc6 8. O-O e5
9. dxe5 dxe5 10. Qxd8 Rxd8 11. Be3 Nd4 12. Rad1 Nxe2+ 13. Nxe2 Be6 14. Nc3 Ne8
15. Rxd8 Rxd8 16. Rd1 Rxd1+ 17. Nxd1 Nd6 18. Nd2 f5 19. f3 b5 20. axb5 axb5 21.
b3 Bd7 22. Bc5 Nb7 23. Be3 Nd6 24. Bc5 Kf7 25. Bxd6 cxd6 26. c4 Bh6 27. Nf1
bxc4 28. bxc4 Bc1 29. Nfe3 Ba4 30. Kf1 Bb3 31. exf5 gxf5 32. Ke1 f4 33. Nf5 Ke6
34. g4 Bxc4 35. Nc3 d5 36. Na4 Be3 37. h4 Ba7 38. Nc3 Bb6 39. Na4 Ba5+ 40. Kf2
Bb4 41. h5 Bd3 42. Nh4 Bc2 43. g5 Bxa4 44. g6 hxg6 45. h6 Bf8 46. h7 Bg7 47.
Nxg6 Bc2 48. Nf8+ Ke7 0-1

[Event "7.Open Inter.Ch.of Vojvodina 2016"]
[Site "Novi Sad - Master Centar, Hajd"]
[Date "2016.07.15"]
[Round "1.14"]
[White "Minko, Vladimir"]
[Black "Aleksic, Zvonimir"]
[Result "1-0"]
[WhiteElo "2379"]
[BlackElo "1929"]
[PlyCount "79"]
[EventDate "2016.07.15"]

1. d4 e6 2. c4 f5 3. Nc3 Nf6 4. Qc2 d5 5. Bf4 c6 6. e3 Be7 7. h3 Ne4 8. g4 Bh4
9. Nxe4 fxe4 10. O-O-O O-O 11. f3 Bg5 12. fxe4 Bxf4 13. exf4 Rxf4 14. Bd3 dxc4
15. Bxc4 b5 16. Ne2 Rf8 17. Bd3 Na6 18. Qxc6 Rb8 19. Qc3 Bd7 20. Kb1 b4 21. Qb3
Nc7 22. d5 e5 23. Rhf1 a5 24. d6+ Ne6 25. Bc4 Re8 26. Rf5 a4 27. Qg3 Rc8 28.
Bd5 Kh8 29. Rxe5 Rc5 30. Qe3 Qc8 31. Rxe6 Bxe6 32. Bxe6 Qxe6 33. Qxc5 Qxe4+ 34.
Qc2 Qxc2+ 35. Kxc2 Rxe2+ 36. Kd3 Re8 37. d7 Rd8 38. Kc4 b3 39. axb3 axb3 40.
Kxb3 1-0

[Event "7.Open Inter.Ch.of Vojvodina 2016"]
[Site "Novi Sad - Master Centar, Hajd"]
[Date "2016.07.15"]
[Round "1.15"]
[White "Hajder, Nedeljko"]
[Black "Sredojevic, Ivan"]
[Result "0-1"]
[WhiteElo "1929"]
[BlackElo "2342"]
[PlyCount "134"]
[EventDate "2016.07.15"]

1. d4 Nf6 2. c4 g6 3. Nc3 Bg7 4. e4 d6 5. Bd3 O-O 6. Nge2 c5 7. d5 e6 8. O-O
exd5 9. cxd5 a6 10. a4 Nbd7 11. a5 Qe7 12. Ng3 b5 13. axb6 Nxb6 14. Ra5 c4 15.
Bc2 Ng4 16. f3 Ne5 17. Be3 Qc7 18. Kh1 Bd7 19. Qd2 Nd3 20. Rb1 f5 21. exf5 Bxf5
22. Nxf5 Rxf5 23. Bxd3 cxd3 24. Qxd3 Nc4 25. Ra4 Nxb2 26. Rxb2 Qxc3 27. Qxc3
Bxc3 28. Rc2 Bg7 29. Ra5 Re5 30. Bf2 Re7 31. g3 Rb7 32. g4 Rb5 33. Rca2 Rxa5
34. Rxa5 Bc3 35. Ra3 Bb4 36. Ra4 a5 37. Kg2 Kf7 38. f4 Ke7 39. Kf3 Rc8 40. Bb6
Rc3+ 41. Ke4 Rc4+ 42. Kf3 Rc3+ 43. Ke2 Rc2+ 44. Kf3 Rxh2 45. Bxa5 Bc5 46. Be1
Rh3+ 47. Bg3 h5 48. gxh5 Rxh5 49. Ke4 Rh3 50. Kf3 Rh5 51. Ke4 Rh1 52. Ra2 Rb1
53. Bh4+ Kf7 54. Ra4 Rb3 55. f5 Rh3 56. fxg6+ Kxg6 57. Bd8 Rh8 58. Ra8 Bb6 59.
Ra6 Bxd8 60. Rxd6+ Bf6 61. Re6 Rh4+ 62. Ke3 Kf5 63. Ra6 Re4+ 64. Kf3 Rd4 65. d6
Be5 66. Ke3 Rd5 67. Rc6 Bxd6 0-1

[Event "7.Open Inter.Ch.of Vojvodina 2016"]
[Site "Novi Sad - Master Centar, Hajd"]
[Date "2016.07.15"]
[Round "1.16"]
[White "Blazeka, Matej"]
[Black "Jakic, Dragisa"]
[Result "1-0"]
[WhiteElo "2328"]
[BlackElo "1927"]
[PlyCount "51"]
[EventDate "2016.07.15"]

1. e4 c5 2. Nf3 Nc6 3. Bb5 a6 4. Bxc6 bxc6 5. O-O d6 6. h3 e5 7. Re1 Be7 8. c3
Bf6 9. d4 cxd4 10. cxd4 Qc7 11. Nc3 Ne7 12. Be3 Rb8 13. Qd2 Ng6 14. Rac1 O-O
15. Nd5 Qb7 16. Nxf6+ gxf6 17. b3 Qd7 18. Red1 Rd8 19. dxe5 fxe5 20. Bg5 f6 21.
Bxf6 Rf8 22. Bxe5 Rxf3 23. Qxd6 Nxe5 24. Qxe5 Rb5 25. Qxb5 Qg7 26. Qc4+ 1-0

[Event "7.Open Inter.Ch.of Vojvodina 2016"]
[Site "Novi Sad - Master Centar, Hajd"]
[Date "2016.07.15"]
[Round "1.17"]
[White "Gajcin, Jasmina"]
[Black "Mikheev, Stanislav"]
[Result "1/2-1/2"]
[WhiteElo "1923"]
[BlackElo "2327"]
[PlyCount "87"]
[EventDate "2016.07.15"]

1. e4 e6 2. d4 d5 3. e5 c5 4. c3 Qb6 5. Nf3 Nc6 6. a3 Nh6 7. b4 cxd4 8. cxd4
Nf5 9. Bb2 Bd7 10. Be2 Be7 11. O-O O-O 12. Bd3 f6 13. Bxf5 exf5 14. Nc3 Be6 15.
Re1 Rae8 16. Na4 Qb5 17. Rc1 fxe5 18. dxe5 d4 19. Nc5 Bc8 20. Nxd4 Nxd4 21.
Qxd4 b6 22. a4 Qc6 23. Ne4 Qe6 24. Nd6 Rd8 25. Red1 Bxd6 26. exd6 Rf6 27. Qc4
Rf7 28. h3 Qxc4 29. Rxc4 Be6 30. Rcc1 Bb3 31. Re1 Bxa4 32. Re7 Rxe7 33. dxe7
Rd2 34. Be5 Kf7 35. Rc7 Rd7 36. e8=Q+ Kxe8 37. Rxd7 Kxd7 38. Bxg7 Kc6 39. Kf1
Kb5 40. Bf8 Kc4 41. Ke2 Bc6 42. g3 a5 43. bxa5 bxa5 44. Ke3 1/2-1/2

[Event "7.Open Inter.Ch.of Vojvodina 2016"]
[Site "Novi Sad - Master Centar, Hajd"]
[Date "2016.07.15"]
[Round "1.18"]
[White "Kumic, Filip"]
[Black "Petrovic, Nikola V"]
[Result "1/2-1/2"]
[WhiteElo "2312"]
[BlackElo "1919"]
[PlyCount "142"]
[EventDate "2016.07.15"]

1. Nf3 Nf6 2. g3 g6 3. b3 Bg7 4. Bb2 d5 5. Bg2 O-O 6. c4 c6 7. O-O Bg4 8. Qc1
Nbd7 9. h3 Bxf3 10. Bxf3 e5 11. d3 Re8 12. Bg2 e4 13. cxd5 cxd5 14. dxe4 Nxe4
15. Bxg7 Kxg7 16. Nd2 Ndf6 17. Qb2 Kg8 18. Nxe4 Nxe4 19. Rfd1 Qb6 20. e3 Qe6
21. Qd4 Qf5 22. Rf1 Rec8 23. g4 Qe6 24. Rac1 Rc6 25. Rxc6 Qxc6 26. Bxe4 dxe4
27. Rd1 Qc2 28. Rd2 Qc1+ 29. Rd1 Qc2 30. Qd2 Rc8 31. Kg2 Kg7 32. Qd4+ Kg8 33.
Rd2 Qc1 34. Qd7 Qc7 35. Rd4 a5 36. Qxc7 Rxc7 37. Rxe4 Rc2 38. Re8+ Kg7 39. a4
Rb2 40. Re5 Rxb3 41. Rxa5 Ra3 42. Kf3 b5 43. Rxb5 Rxa4 44. Rd5 h6 45. Kg3 Rb4
46. h4 Ra4 47. h5 g5 48. Rd8 Ra3 49. Re8 Rb3 50. Kf3 Ra3 51. Ke4 Ra4+ 52. Kf5
Ra5+ 53. Re5 Ra2 54. f4 gxf4 55. exf4 Rh2 56. Ke4 Rh4 57. Kf3 Rh3+ 58. Kg2 Rh4
59. Kg3 Rh1 60. Re2 Rg1+ 61. Rg2 Rh1 62. Rh2 Rg1+ 63. Kf3 Rf1+ 64. Ke4 Kf6 65.
Rg2 Re1+ 66. Kf3 Rf1+ 67. Ke3 Rh1 68. g5+ Kg7 69. g6 Rxh5 70. gxf7+ Kxf7 71.
Ke4 Ra5 1/2-1/2

[Event "7.Open Inter.Ch.of Vojvodina 2016"]
[Site "Novi Sad - Master Centar, Hajd"]
[Date "2016.07.15"]
[Round "1.19"]
[White "Rancic, Djordje"]
[Black "Besedes, Danilo"]
[Result "0-1"]
[WhiteElo "1919"]
[BlackElo "2306"]
[PlyCount "54"]
[EventDate "2016.07.15"]

1. d4 Nf6 2. Nf3 e6 3. Bg5 d5 4. e3 c5 5. c3 Nc6 6. Bd3 Bd6 7. Nbd2 h6 8. Bh4
O-O 9. O-O e5 10. dxe5 Nxe5 11. Nxe5 Bxe5 12. Qc2 Bxh2+ 13. Kxh2 Ng4+ 14. Kg3
g5 15. Bf5 gxh4+ 16. Kh3 Qg5 17. Bxg4 Bxg4+ 18. Kh2 Kh8 19. Nf3 Qh5 20. Ng1 Rg8
21. Rae1 Bf5 22. Qe2 Qg6 23. Qf3 Be4 24. Qh3 Qxg2+ 25. Qxg2 Rxg2+ 26. Kh3 Rag8
27. Kxh4 Rh2+ 0-1

[Event "7.Open Inter.Ch.of Vojvodina 2016"]
[Site "Novi Sad - Master Centar, Hajd"]
[Date "2016.07.15"]
[Round "1.20"]
[White "Todorovic, Nenad I"]
[Black "Kastelijn, Toine"]
[Result "1-0"]
[WhiteElo "2306"]
[BlackElo "1916"]
[PlyCount "93"]
[EventDate "2016.07.15"]

1. e4 e6 2. d4 d5 3. Nd2 Nf6 4. e5 Nfd7 5. c3 c5 6. Bd3 Nc6 7. Ngf3 Qb6 8. O-O
Be7 9. Re1 cxd4 10. cxd4 g5 11. Nb3 g4 12. Ng5 h5 13. Be3 a5 14. Nc1 Bb4 15.
Rf1 Rg8 16. Ne2 Be7 17. Qc1 Nb4 18. Bb1 Qd8 19. f4 Ra6 20. a3 Rc6 21. Qd2 Na6
22. Ng3 h4 23. Nh5 Rh8 24. Nh7 Qb6 25. Ng7+ Kd8 26. Ng5 Rf8 27. f5 Kc7 28. f6
Bd8 29. Bd3 Kb8 30. Rf4 g3 31. h3 Nc7 32. Rxh4 Nb5 33. a4 Na7 34. Rg4 Bc7 35.
h4 Qb3 36. h5 b5 37. h6 Nb6 38. axb5 Nc4 39. Bxc4 Rxc4 40. Rc1 Nxb5 41. Rxc4
dxc4 42. h7 Bb7 43. Rxg3 c3 44. bxc3 Qb1+ 45. Qc1 Qd3 46. Bf2 Qe2 47. Nxf7 1-0

[Event "7.Open Inter.Ch.of Vojvodina 2016"]
[Site "Novi Sad - Master Centar, Hajd"]
[Date "2016.07.15"]
[Round "1.21"]
[White "Obradovic, Vladimir"]
[Black "Svicevic, Rastko"]
[Result "0-1"]
[WhiteElo "1916"]
[BlackElo "2270"]
[PlyCount "84"]
[EventDate "2016.07.15"]

1. Nf3 d5 2. g3 c6 3. Bg2 e6 4. d4 Bd6 5. O-O f5 6. Ne5 Nd7 7. f4 Ngf6 8. e3
O-O 9. b3 Qe7 10. Nd2 a5 11. c4 a4 12. c5 Bxe5 13. fxe5 Ng4 14. Nf3 b6 15. b4
Ba6 16. Re1 Bc4 17. Bf1 b5 18. Bxc4 bxc4 19. h3 Nh6 20. Nh2 Nf7 21. Nf3 Kh8 22.
Bb2 Nb8 23. Bc3 Na6 24. a3 Nc7 25. Rf1 Nb5 26. Be1 Rg8 27. Kg2 g6 28. Rh1 Kg7
29. h4 Nh6 30. Nh2 Raf8 31. Qe2 Kh8 32. Bf2 Nc3 33. Qc2 Ne4 34. Qxa4 Ng4 35.
Nxg4 fxg4 36. Rhf1 Nxf2 37. Qxc6 Qf7 38. Kh2 g5 39. Ra2 Qf3 40. Raxf2 Qxf2+ 41.
Rxf2 Rxf2+ 42. Kg1 Rgf8 0-1

[Event "7.Open Inter.Ch.of Vojvodina 2016"]
[Site "Novi Sad - Master Centar, Hajd"]
[Date "2016.07.15"]
[Round "1.22"]
[White "Desnica, Vladan"]
[Black "Ciric, Aleksandar"]
[Result "1-0"]
[WhiteElo "2261"]
[BlackElo "1912"]
[PlyCount "77"]
[EventDate "2016.07.15"]

1. Nf3 Nf6 2. c4 e6 3. g3 d5 4. Bg2 c5 5. cxd5 exd5 6. d4 Nc6 7. O-O Bd6 8. Nc3
O-O 9. Bg5 Be6 10. dxc5 Bxc5 11. Rc1 Be7 12. Nd4 h6 13. Be3 Qa5 14. Nxc6 bxc6
15. Qa4 Qxa4 16. Nxa4 Rfc8 17. Bc5 Bd8 18. h3 Nd7 19. Bd4 Be7 20. b3 c5 21. Be3
Rab8 22. Rfd1 d4 23. Bf4 Rb4 24. Bd2 Rbb8 25. Nb2 Ne5 26. Bf4 f6 27. e3 g5 28.
exd4 gxf4 29. dxe5 fxg3 30. fxg3 fxe5 31. Bd5 Kf7 32. Nc4 Bf6 33. Nd6+ Ke7 34.
Nxc8+ Rxc8 35. Bxe6 Kxe6 36. Rc4 Bg5 37. Kf2 Rf8+ 38. Ke2 Be7 39. Ra4 1-0

[Event "7.Open Inter.Ch.of Vojvodina 2016"]
[Site "Novi Sad - Master Centar, Hajd"]
[Date "2016.07.15"]
[Round "1.23"]
[White "Stojadinov, Svetlana"]
[Black "Cengija, Vanja"]
[Result "0-1"]
[WhiteElo "1908"]
[BlackElo "2252"]
[PlyCount "84"]
[EventDate "2016.07.15"]

1. e4 e6 2. d4 b6 3. Nc3 Bb7 4. a3 d6 5. Nf3 Nd7 6. Bc4 g6 7. O-O h6 8. Re1 Bg7
9. h3 Ne7 10. Bf4 O-O 11. Qd2 Kh7 12. Nh2 e5 13. Be3 Nf6 14. dxe5 dxe5 15. Qxd8
Raxd8 16. f3 a6 17. Rad1 Kg8 18. Ng4 Nxg4 19. hxg4 Rfe8 20. Kf2 Bf8 21. Rh1 g5
22. g3 Kg7 23. f4 f6 24. fxe5 fxe5 25. Rdf1 Ng8 26. Ke2 Nf6 27. Kf3 Bc8 28. Nd5
Bxg4+ 29. Kg2 Nxd5 30. exd5 Bd6 31. Bxa6 e4 32. Kh2 Be5 33. c3 Bf3 34. Rhg1
Rxd5 35. Bc4 Rd6 36. Rf2 Kg6 37. Be2 g4 38. Bb5 Rh8 39. Rd2 Rxd2+ 40. Bxd2 h5
41. Bf4 Bxf4 42. gxf4 Kf5 0-1

[Event "7.Open Inter.Ch.of Vojvodina 2016"]
[Site "Novi Sad - Master Centar, Hajd"]
[Date "2016.07.15"]
[Round "1.24"]
[White "Pavkov, Nebojsa"]
[Black "Nikula, Mikko"]
[Result "1-0"]
[WhiteElo "2246"]
[BlackElo "1907"]
[PlyCount "65"]
[EventDate "2016.07.15"]

1. f4 d5 2. Nf3 c6 3. g3 g6 4. Bg2 Bg7 5. O-O Qb6+ 6. d4 f5 7. c4 e6 8. b3 c5
9. cxd5 cxd4 10. Ne5 exd5 11. Bxd5 Ne7 12. Bf7+ Kf8 13. Bc4 Nbc6 14. Nd3 Na5
15. Nd2 Bd7 16. Ba3 Nxc4 17. Nxc4 Qd8 18. Nc5 b6 19. Nb7 Qc7 20. Nbd6 Kg8 21.
Ne5 Bxe5 22. fxe5 Nc6 23. Bb2 Be6 24. Bxd4 Kg7 25. Rc1 Qd7 26. Be3 h6 27. Qd2
Ne7 28. Rfd1 Nd5 29. Qb2 Qe7 30. Bf2 Rad8 31. Rd2 Rd7 32. Rcd1 Nc7 33. Nxf5+
1-0

[Event "7.Open Inter.Ch.of Vojvodina 2016"]
[Site "Novi Sad - Master Centar, Hajd"]
[Date "2016.07.15"]
[Round "1.25"]
[White "Vujcic, Milena"]
[Black "Marholev, Dimitar"]
[Result "0-1"]
[WhiteElo "1906"]
[BlackElo "2244"]
[PlyCount "106"]
[EventDate "2016.07.15"]

1. e4 e5 2. Nf3 Nc6 3. Bb5 Nge7 4. c3 a6 5. Ba4 g6 6. d3 Bg7 7. Nbd2 O-O 8. Nf1
d5 9. exd5 Nxd5 10. Ng3 Nf4 11. Bxf4 exf4 12. Ne2 Bg4 13. Bxc6 bxc6 14. Nxf4
Re8+ 15. Ne2 Bxf3 16. gxf3 Qd5 17. O-O Qxf3 18. Ng3 Qf4 19. Re1 h5 20. Qc1
Rxe1+ 21. Qxe1 h4 22. Nf1 Qg4+ 23. Kh1 Qf3+ 24. Kg1 Qxd3 25. Qe3 Qd5 26. Qh3
Qg5+ 27. Qg2 Qxg2+ 28. Kxg2 Rb8 29. b3 Rd8 30. Re1 Bxc3 31. Re4 Rd4 32. Re7 Ba5
33. Re8+ Kg7 34. Ra8 Bb6 35. Rxa6 Rd3 36. h3 f5 37. Ra4 g5 38. Rc4 c5 39. Rc2
Kg6 40. Nh2 Kh5 41. Nf1 g4 42. hxg4+ fxg4 43. Re2 Kg5 44. Nd2 h3+ 45. Kh2 c6
46. Nf1 Bc7+ 47. Ng3 Bxg3+ 48. fxg3 Kf5 49. Rc2 Ke4 50. Rc4+ Rd4 51. Rc2 Kd5
52. Rf2 c4 53. Rf5+ Ke4 0-1

[Event "7.Open Inter.Ch.of Vojvodina 2016"]
[Site "Novi Sad - Master Centar, Hajd"]
[Date "2016.07.15"]
[Round "1.26"]
[White "Pastar, Slaven"]
[Black "Cervenak, Juraj"]
[Result "1-0"]
[WhiteElo "2244"]
[BlackElo "1899"]
[PlyCount "54"]
[EventDate "2016.07.15"]

1. e4 e6 2. d3 d5 3. e5 c5 4. Nf3 Nc6 5. Qe2 Bd7 6. g3 Rc8 7. c3 Qb6 8. Bg2
Nge7 9. O-O Ng6 10. h4 h5 11. Re1 Be7 12. Nbd2 Qc7 13. Nf1 b5 14. Bf4 Nxf4 15.
gxf4 g6 16. Ng3 O-O 17. Ng5 Bxg5 18. hxg5 Ne7 19. Bf3 h4 20. Nf1 Kg7 21. Bg4 d4
22. Rac1 Qb6 23. Nd2 Bc6 24. Ne4 Ba8 25. Nd6 Rcd8 26. Bf3 Nd5 27. Bxd5 Bxd5 1-0

[Event "7.Open Inter.Ch.of Vojvodina 2016"]
[Site "Novi Sad - Master Centar, Hajd"]
[Date "2016.07.16"]
[Round "2.1"]
[White "Atalik, Suat"]
[Black "Scripcaru, George-Daniel"]
[Result "1-0"]
[WhiteElo "2564"]
[BlackElo "2160"]
[PlyCount "37"]
[EventDate "2016.07.15"]

1. Nf3 d5 2. g3 c5 3. Bg2 Nf6 4. O-O e6 5. c4 Nc6 6. cxd5 exd5 7. d4 Be7 8.
dxc5 Bxc5 9. a3 O-O 10. b4 Bb6 11. Nc3 h6 12. Bb2 Bg4 13. Na4 Ne4 14. Nxb6 axb6
15. Nd4 Qg5 16. Nxc6 bxc6 17. f3 Qe3+ 18. Kh1 Qd2 19. Rb1 1-0